Munkanélküliség és közfoglalkoztatás

Bibliográfiai részletek
Szerző: Schneeberger Viktor Mátyás
További közreműködők: Tóth Arnold
Dokumentumtípus: Diplomadolgozat
Kulcsszavak:Munkanélküliség
Foglalkoztatás politika
Közfoglalkoztatás
Online Access:http://dolgozattar.uni-bge.hu/14515

MARC

LEADER 00000nta a2200000 i 4500
001 dolg14515
005 20171218091031.0
008 171218suuuu hu om 000 hun d
040 |a BGE Dolgozattár Repozitórium  |b hun 
041 |a hu 
100 1 |a Schneeberger Viktor Mátyás 
245 1 0 |a Munkanélküliség és közfoglalkoztatás  |c Schneeberger Viktor Mátyás  |h [elektronikus dokumentum] 
695 |a Munkanélküliség 
695 |a Foglalkoztatás politika 
695 |a Közfoglalkoztatás 
700 1 |a Tóth Arnold  |e ths 
856 4 0 |u http://dolgozattar.uni-bge.hu/14515/1/szakdolgozat_nyilatkozat.pdf  |z Dokumentum-elérés